【妖怪ウォッチ2】古典妖怪 - Statistics

General Stats
  • This quiz has been taken 299 times
  • The average score is 15 of 31
Answer Stats
種族 妖怪 % Correct
ニョロロン ろくろ首
76%
プリチー 河童
69%
プリチー 一つ目小僧
66%
ポカポカ から傘お化け
66%
イサマシ あかなめ
62%
フシギ えんらえんら
61%
ポカポカ ざしきわらし
61%
ニョロロン にんぎょ
59%
フシギ こえんら
55%
ポカポカ くだん
53%
イサマシ 泥田坊
52%
プリチー 水虎
48%
ポカポカ 大くだん
48%
ポカポカ から傘魔人
47%
ニョロロン イザナミ
47%
ゴーケツ 大ガマ
46%
ポカポカ ざしきわら神
46%
ブキミー 土蜘蛛
45%
ブキミー 女郎蜘蛛
44%
ブキミー けうけげん
43%
ニョロロン 八百比丘尼
43%
ブキミー ふさふさん
41%
フシギ のっぺら坊
40%
フシギ 化け草履
38%
フシギ ぬえ
37%
ゴーケツ 大ヤモリ
37%
ポカポカ 麒麟
37%
ポカポカ イッカク
35%
ウスラカゲ 百々目鬼
31%
ウスラカゲ きらめ鬼
31%
フシギ 風魔猿
30%
No matching quizzes found
Score Distribution
Percent of People with Each Score
Percentile by Number Answered
Your Score History
You have not taken this quiz